[Event "Bogota Excalibur op"]
[Site "Bogota"]
[Date "2022.03.20"]
[Round "4"]
[White "Patino, Jairo"]
[Black "Mesa Baez, Samuel"]
[Result "0-1"]
[WhiteElo "1602"]
[BlackElo "1897"]
[PlyCount "72"]
[EventDate "2022.03.18"]
[EventType "swiss"]
[EventRounds "7"]
[EventCountry "COL"]
[SourceTitle "CBM 207 Extra"]
[Source "ChessBase"]
[SourceDate "2022.05.31"]
[SourceVersion "1"]
[SourceVersionDate "2022.05.31"]
[SourceQuality "1"]

1. e4 Nf6 2. e5 Nd5 3. d4 d6 4. c4 Nb6 5. Nf3 Nc6 6. exd6 exd6 7. Nc3 Bf5 8. a3 Be7 9. Be2 0-0 10. 0-0 Bg4 11. b3 Bf6 12. Be3 Re8 13. Re1 Bxf3 14. Bxf3 Nxd4 15. Rc1 Nxf3+ 16. Qxf3 Bxc3 17. Rxc3 Qf6 18. Qxf6 gxf6 19. Kf1 Re6 20. f4 Rae8 21. Kf2 d5 22. Rd1 dxc4 23. bxc4 Nc8 24. c5 Ne7 25. g4 c6 26. Rdd3 Nd5 27. Rb3 Nxe3 28. Rxe3 Rxe3 29. Rxe3 Rxe3 30. Kxe3 Kf8 31. f5 Ke7 32. Ke4 b5 33. Kd4 a5 34. Kc3 Kf8 35. h3 Kg7 36. Kd4 h5 0-1

[Event "Bogota Torneo Distrital op"]
[Site "Bogota"]
[Date "2010.05.15"]
[Round "2.25"]
[White "Bejarano, Danny Andres"]
[Black "Patino, Jairo"]
[Result "1-0"]
[WhiteElo "1774"]
[BlackElo "1600"]
[PlyCount "51"]
[EventDate "2010.05.14"]
[EventType "swiss"]
[EventRounds "7"]
[EventCountry "COL"]
[SourceTitle "EXT 2024"]
[Source "ChessBase"]
[SourceDate "2023.10.10"]
[SourceVersion "1"]
[SourceVersionDate "2023.10.10"]
[SourceQuality "1"]

1. e4 c5 2. d4 cxd4 3. c3 dxc3 4. Nxc3 a6 5. Bc4 e6 6. Nf3 b5 7. Bb3 Bb7 8. 0-0 Be7 9. Qe2 d6 10. Rd1 Qc7 11. Be3 Nd7 12. Rac1 Nc5 13. Bc2 Nf6 14. Bb1 Bc6 15. b4 Ncd7 16. Nd5 Qb7 17. Nxe7 Kxe7 18. e5 Nd5 19. exd6+ Kxd6 20. Ne5 Nxe5 21. Bc5+ Kd7 22. Qxe5 Ke8 23. Qxg7 Kd7 24. Qxf7+ Kc8 25. Qxe6+ Kb8 26. Qe5+ 1-0